000 00666nas a2200241 4500
001 BR7904858
003 BR-BrBNA
005 20231205083846.0
007 ta
008 230509b bl.|||p| |||| 00| 00por d
040 _aBR-BrBNA
_bpor
_cBiblioteca Nacional de Agricultura
041 _a(Pt)
072 _aL30
100 1 _aFabrello, R.
245 1 _aA qualidade da agua e o rendimento das aves [Frango]
650 _aNutricao animal
650 _aFrango
650 _aAgua
650 _aValor nutritivo
773 0 _tGranja Avicola (Brazil)
_x
_g(Sep 1979), (no. 5) p. 12-13
_wBR7904858
909 _a202311
_bLúcia
_c55
_dLúcia Elande
942 _2AGRIS
_n0
_cANA
999 _c101650
_d101650